| 000 | 00895nam a22002417a 4500 | ||
|---|---|---|---|
| 999 |
_c3314 _d3314 |
||
| 003 | AR-CdUCM | ||
| 008 | 190306b ||||| |||| 00| 0 spa d | ||
| 040 |
_aMUNICIPALIDAD PROVINCIAL DEL CUSCO _cBIBLIOTECA MUNICIPAL DEL CUSCO |
||
| 082 |
_a398.08 / _bES93 |
||
| 110 |
_aUniversidad Nacional Autónoma de México. Instituto de Investigaciones Estéticas _911017 |
||
| 245 | _a25 Estudios de Folklore / | ||
| 260 |
_aMexico : _bDirección General de Publicaciones, _c1971. |
||
| 300 |
_a394 paginas : _bilustraciones, tablas _c22cm. |
||
| 440 |
_aEstudios de Folklore _n4 _911018 |
||
| 505 | _aContenido- Teoria -- Narracion tradicional -- Poesía -- Musica -- Costumbres y fiestas... | ||
| 650 |
_aMusica _91443 |
||
| 650 |
_aCostumbres y fiestas _911019 |
||
| 650 |
_aTeoria y Poesía _911020 |
||
| 650 |
_aLiteratura _983 |
||
| 650 |
_aMexico _918 |
||
| 942 |
_2ddc _cLIBROS |
||
| 945 | _apjha | ||